Краткий очерк истории философии
| Weitere Verfasser: | , , |
|---|---|
| Sprache: | Russisch |
| Veröffentlicht: |
Москва, Мысль, 1981
|
| Ausgabe: | 4-е изд. |
| Schlagworte: |
Ломоносов
> Михаил Васильевич
> М. В.
> учёный-естествоиспытатель, поэт, историк, художник, деятель просвещения, науки и экономики
> 1711-1765
Маркс
> Карл
> К.
> немецкий мыслитель
> общественный деятель
> основоположник марксизма
> 1818-1883
Плеханов
> Г. В.
> российский политический деятель
> философ
> теоретик марксизма
> 1856-1918
> Георгий Валентинович
|
| Format: | MixedMaterials Buch |
| KOHA link: | https://koha.lib.tpu.ru/cgi-bin/koha/opac-detail.pl?biblionumber=365357 |
MARC
| LEADER | 00000nam0a2200000 4500 | ||
|---|---|---|---|
| 001 | 365357 | ||
| 005 | 20231102011758.0 | ||
| 035 | |a (RuTPU)RU\TPU\retro\22720 | ||
| 090 | |a 365357 | ||
| 100 | |a 20211227d1981 km y0rusy50 ca | ||
| 101 | 0 | |a rus | |
| 102 | |a RU | ||
| 105 | |a y z 001zd | ||
| 200 | 1 | |a Краткий очерк истории философии |f под ред. М. Т. Иовчука, Т. И. Ойзермаа, И. Я. Щипанова | |
| 205 | |a 4-е изд. | ||
| 210 | |a Москва |c Мысль |d 1981 | ||
| 215 | |a 927 с. | ||
| 320 | |a Библиография в ссылках | ||
| 600 | 1 | |a Декарт |g Рене |b Р. |c французский философ, математик, физик и физиолог |f 1596-1650 |2 stltpush |3 (RuTPU)RU\TPU\pers\142 | |
| 600 | 1 | |a Лейбниц |b Г. В. |c немецкий философ, математик, физик |c языковед |f 1646-1716 |g Готфрид Вильгельм |2 stltpush |3 (RuTPU)RU\TPU\pers\422 |9 208 | |
| 600 | 1 | |a Ломоносов |g Михаил Васильевич |b М. В. |c учёный-естествоиспытатель, поэт, историк, художник, деятель просвещения, науки и экономики |f 1711-1765 |2 stltpush |3 (RuTPU)RU\TPU\pers\975 | |
| 600 | 1 | |a Радищев |g Александр Николаевич |b А. Н. |c русский мыслитель |c писатель |f 1749-1802 |2 stltpush |3 (RuTPU)RU\TPU\pers\1365 | |
| 600 | 1 | |a Кант |b И. |c родоначальник немецкой классической философии |f 1724-1804 |g Иммануил |2 stltpush |3 (RuTPU)RU\TPU\pers\208 |9 105 | |
| 600 | 1 | |a Фихте |g Иоганн Готлиб |b И. Г. |c немецкий философ |f 1762-1814 |2 stltpush |3 (RuTPU)RU\TPU\pers\944 | |
| 600 | 1 | |a Шеллинг |g Фридрих Вильгельм |b Ф. В. |c немецкий философ |f 1775-1854 |2 stltpush |3 (RuTPU)RU\TPU\pers\882 | |
| 600 | 1 | |a Гегель |g Георг Вильгельм Фридрих |b Г. В. Ф. |c немецкий философ |f 1770-1831 |2 stltpush |3 (RuTPU)RU\TPU\pers\947 | |
| 600 | 1 | |a Фейербах |g Людвиг |b Л. |c немецкий философ |f 1804-1872 |2 stltpush |3 (RuTPU)RU\TPU\pers\379 | |
| 600 | 1 | |a Маркс |g Карл |b К. |c немецкий мыслитель |c общественный деятель |c основоположник марксизма |f 1818-1883 |2 stltpush |3 (RuTPU)RU\TPU\pers\297 | |
| 600 | 1 | |a Плеханов |b Г. В. |c российский политический деятель |c философ |c теоретик марксизма |f 1856-1918 |g Георгий Валентинович |2 stltpush |3 (RuTPU)RU\TPU\pers\1148 |9 520 | |
| 600 | 1 | |a Спенсер |g Герберт |b Г. |c английский философ |c социолог |f 1820-1903 |2 stltpush |3 (RuTPU)RU\TPU\pers\1282 | |
| 600 | 1 | |a Ницше |b Ф. |c немецкий философ |f 1844-1900 |g Фридрих |2 stltpush |3 (RuTPU)RU\TPU\pers\341 |9 167 | |
| 600 | 1 | |a Ленин |b В. И. |c настоящая фамилия Ульянов |c российский политический деятель |f 1870-1924 |g Владимир Ильич |2 stltpush |3 (RuTPU)RU\TPU\pers\1074 |9 486 | |
| 606 | 1 | |a Философия |x История |2 stltpush |3 (RuTPU)RU\TPU\subj\63881 |9 80813 | |
| 610 | 1 | |a домарксистская философия | |
| 610 | 1 | |a Древний Восток | |
| 610 | 1 | |a Древний Рим | |
| 610 | 1 | |a Древняя Греция | |
| 610 | 1 | |a феодализм | |
| 610 | 1 | |a общественная мысль | |
| 610 | 1 | |a социологическая мысль | |
| 610 | 1 | |a западноевропейская философия | |
| 610 | 1 | |a классическая немецкая философия | |
| 610 | 1 | |a демократы | |
| 610 | 1 | |a марксистско-ленинская философия | |
| 686 | |a Ю3 |v LBC/SL-A |2 rubbk | ||
| 702 | 1 | |a Иовчук |b М. Т. |4 340 | |
| 702 | 1 | |a Ойзерман |b Т. И. |4 340 | |
| 702 | 1 | |a Щипанов |b И. Я. |4 340 | |
| 801 | 1 | |a RU |b 63413507 |c 20211227 | |
| 942 | |c BK | ||